000 00616nam a2200217Ii 4500
001 19167
003 CO-ViMGA
008 241108s9999||||xx |||||||||||||| ||und||
020 _a97884218889
040 _aCO-ViMGA
_bspa
_erda
_cCO-ViMGA
041 0 _aspa
084 _aN LEW2e
100 1 _aElvio Eduardo Gandolfo
_946420
245 1 0 _aEsa horrible fortaleza
264 1 _aBogotá, Colombia : Ediciones Minotauro, 2006
300 _avolumen
336 _atext
_btxt
_2rdacontent
337 _aunmediated
_bn
_2rdamedia
338 _avolume
_bnc
_2rdacarrier
940 _aidficha_siabuc: 18824. -- ficha_no_siabuc:19167
999 _c40986
_d40986